| 000 | 00321nam a2200121Ia 4500 | ||
|---|---|---|---|
| 005 | 20260328104247.0 | ||
| 008 | 260328s9999||||xx |||||||||||||| ||und|| | ||
| 100 | _aPorras Barrenechea, Raúl | ||
| 245 | 0 |
_aPresencia del Peru en la Amazonia / _cRaúl Porras Barrenechea |
|
| 300 | _a42 p. | ||
| 650 | _aPERÚ | ||
| 942 | _cBK | ||
| 999 |
_c10129 _d10129 |
||